[Event "Budapest FS10 FM-A"]
[Site "Budapest"]
[Date "2009.10.13"]
[Round "11"]
[White "Mayer, Istvan"]
[Black "Kuntz, Andre"]
[Result "0-1"]
[WhiteElo "2186"]
[BlackElo "1974"]
[PlyCount "108"]
[EventDate "2009.10.03"]
[EventType "tourn"]
[EventRounds "11"]
[EventCountry "HUN"]
[SourceTitle "CBM 132 Extra"]
[Source "ChessBase"]
[SourceDate "2009.11.03"]
[SourceVersion "1"]
[SourceVersionDate "2009.11.03"]
[SourceQuality "1"]

1. e4 c5 2. Nf3 Nc6 3. Nc3 e5 4. Bc4 d6 5. d3 Be7 6. Nd5 Bg4 7. c3 Nf6 8. h3 Bh5 9. g4 Bg6 10. Nxf6+ Bxf6 11. h4 h5 12. g5 Be7 13. Be3 Qd7 14. Bd5 Rc8 15. Qe2 a6 16. Nd2 b5 17. f3 Bd8 18. f4 exf4 19. Bxf4 Ne7 20. Bb3 0-0 21. Qf3 Re8 22. 0-0-0 a5 23. a4 bxa4 24. Ba2 Nc6 25. Nc4 Ne5 26. Bxe5 dxe5 27. Rh2 Rb8 28. Rf2 Bc7 29. Qe3 Qc6 30. Rdf1 Re7 31. Na3 Rd8 32. Bc4 Rb8 33. Bd5 Qd7 34. Rf3 Bd6 35. Qf2 Qc7 36. Nc4 Rf8 37. Qc2 Qd7 38. Ne3 Qb5 39. Kd2 Rb8 40. Nc4 Bc7 41. Ra1 Qd7 42. Ne3 Bb6 43. Bc4 Bxe4 44. Rg3 Bg6 45. Qxa4 Qd6 46. Nd5 Rd7 47. Re3 Rdb7 48. Qd1 Bd8 49. b3 e4 50. Qh1 exd3 51. Rxd3 Bxd3 52. Kxd3 Qg3+ 53. Kc2 Qf2+ 54. Kd3 Qf5+ 0-1

[Event "Budapest FS10 FM-A"]
[Site "Budapest"]
[Date "2009.10.10"]
[Round "8"]
[White "Kuntz, Andre"]
[Black "Arndt, Uwe"]
[Result "0-1"]
[WhiteElo "1974"]
[BlackElo "2032"]
[PlyCount "122"]
[EventDate "2009.10.03"]
[EventType "tourn"]
[EventRounds "11"]
[EventCountry "HUN"]
[SourceTitle "CBM 132 Extra"]
[Source "ChessBase"]
[SourceDate "2009.11.03"]
[SourceVersion "1"]
[SourceVersionDate "2009.11.03"]
[SourceQuality "1"]

1. e4 c6 2. d4 d5 3. Nc3 dxe4 4. Nxe4 Bf5 5. Ng3 Bg6 6. Bc4 e6 7. N1e2 Bd6 8. 0-0 Ne7 9. Nf4 Qc7 10. Nfh5 0-0 11. Qg4 Nf5 12. Nxf5 Bxh2+ 13. Kh1 exf5 14. Qh4 Bxh5 15. Qxh5 Bf4 16. Qxf5 Bxc1 17. Raxc1 Nd7 18. Rfe1 Nf6 19. Re3 Rfe8 20. Rg3 Qd6 21. Qg5 g6 22. Rf3 Kg7 23. c3 Re7 24. g3 Ne4 25. Qf4 Qxf4 26. Rxf4 g5 27. Rf5 Kg6 28. Rf3 f5 29. Bd3 h5 30. Bxe4 Rxe4 31. Re3 Rae8 32. Rce1 Rxe3 33. fxe3 Re4 34. Kg2 f4 35. gxf4 gxf4 36. Kf2 Kf5 37. Rh1 fxe3+ 38. Ke2 h4 39. Rg1 Rg4 40. Rh1 Ke4 41. d5 cxd5 42. Rh3 Rg2+ 43. Kf1 Rxb2 44. Rxh4+ Kd3 45. Rd4+ Kxc3 46. Rxd5 Rxa2 47. Rc5+ Kd4 48. Rb5 b6 49. Rb4+ Kc3 50. Rb5 Ra5 51. Rb1 Ra2 52. Rb5 Kc4 53. Re5 e2+ 54. Ke1 b5 55. Re8 a5 56. Re4+ Kd3 57. Re3+ Kd4 58. Rb3 b4 59. Re3 Ra1+ 60. Kxe2 Re1+ 61. Kxe1 Kxe3 0-1

[Event "Budapest FS10 FM-A"]
[Site "Budapest"]
[Date "2009.10.08"]
[Round "6"]
[White "Kuntz, Andre"]
[Black "Andersen, Daniel"]
[Result "1-0"]
[WhiteElo "1974"]
[BlackElo "1953"]
[PlyCount "51"]
[EventDate "2009.10.03"]
[EventType "tourn"]
[EventRounds "11"]
[EventCountry "HUN"]
[SourceTitle "CBM 132 Extra"]
[Source "ChessBase"]
[SourceDate "2009.11.03"]
[SourceVersion "1"]
[SourceVersionDate "2009.11.03"]
[SourceQuality "1"]

1. e4 e6 2. d4 d5 3. exd5 exd5 4. Bd3 Nc6 5. Nf3 Bg4 6. c3 Qd7 7. 0-0 0-0-0 8. Bf4 f6 9. h3 Bh5 10. Qc2 Nge7 11. Nbd2 g5 12. Bg3 Bg6 13. b4 Bxd3 14. Qxd3 Nf5 15. Bh2 h5 16. Nb3 g4 17. Nfd2 Kb8 18. b5 Nce7 19. Nc5 Qc8 20. Rfe1 Nh4 21. Rab1 b6 22. Na6+ Kb7 23. Nxc7 Rg8 24. Ne6 Re8 25. c4 dxc4 26. Qe4+ 1-0

[Event "Budapest FS10 FM-A"]
[Site "Budapest"]
[Date "2009.10.06"]
[Round "4"]
[White "Kuntz, Andre"]
[Black "Letay, Gyula"]
[Result "0-1"]
[WhiteElo "1974"]
[BlackElo "2125"]
[PlyCount "78"]
[EventDate "2009.10.03"]
[EventType "tourn"]
[EventRounds "11"]
[EventCountry "HUN"]
[SourceTitle "CBM 132 Extra"]
[Source "ChessBase"]
[SourceDate "2009.11.03"]
[SourceVersion "1"]
[SourceVersionDate "2009.11.03"]
[SourceQuality "1"]

1. e4 e5 2. Nf3 Nc6 3. Bc4 Bc5 4. d3 d6 5. 0-0 Nf6 6. c3 Bb6 7. Be3 Qe7 8. Nbd2 Ng4 9. Bg5 f6 10. Bh4 g5 11. Bg3 h5 12. h4 Nd8 13. d4 a6 14. Re1 Ba7 15. a4 Ne6 16. Bxe6 Bxe6 17. Nf1 0-0-0 18. b4 Rdg8 19. Qd3 Qf7 20. N1d2 f5 21. exf5 Bxf5 22. Qe2 gxh4 23. Bxh4 Qg6 24. g3 Bd3 25. Qd1 e4 26. Ng5 Re8 27. f3 e3 28. Nde4 Bxe4 29. fxg4 Bd5 30. Qb1 Qxb1 31. Raxb1 hxg4 32. Rb2 Bc4 33. Rbe2 Bxe2 34. Rxe2 c5 35. d5 Kd7 36. Ne6 cxb4 37. cxb4 Rhg8 38. Bf6 Rxe6 39. dxe6+ Kxe6 0-1